О рыбном садовом хозяйстве Обско-Иртышского Севера (Запись № 7096435)

Подробности
000 -МАРКЕР
контрольное поле 03050nam0a22003611 4500
001 - ИДЕНТИФИКАТОР ЗАПИСИ
контрольное поле rc\3002240
005 - ИДЕНТИФИКАТОР ВЕРСИИ
контрольное поле 20250530010549.0
035 ## - ДРУГИЕ СИСТЕМНЫЕ НОМЕРА
Идентификатор записи (NLR Aleph) 007145298
100 ## - ДАННЫЕ ОБЩЕЙ ОБРАБОТКИ
Данные общей обработки 20110920d1936 |||y0rusy50 ca
101 0# - ЯЗЫК РЕСУРСА
Язык текста, звукозаписи и т.д. русский
102 ## - СТРАНА ПУБЛИКАЦИИ ИЛИ ПРОИЗВОДСТВА
Страна публикации Российская Федерация
105 ## - ПОЛЕ КОДИРОВАННЫХ ДАННЫХ: ТЕКСТОВЫЕ МАТЕРИАЛЫ, МОНОГРАФИЧЕСКИЕ
Кодированные данные о монографическом текстовом документе y z 000yy
200 1# - ЗАГЛАВИЕ И СВЕДЕНИЯ ОБ ОТВЕТСТВЕННОСТИ
Основное заглавие О рыбном садовом хозяйстве Обско-Иртышского Севера
Сведения, относящиеся к заглавию [сборник]
Первые сведения об ответственности Лопарев П.И., Судаков М.А., Юданова О.Н.
Последующие сведения об ответственности под ред. дир. ст. Станции Лопарева П. И
-- [введ.: П. Лопарев]
-- Н.К.П.П. Обско-Тазовск. науч. рыбхоз. станция ВНИРО
210 ## - ПУБЛИКАЦИЯ, РАСПРОСТРАНЕНИЕ И ДР.
Место издания, распространения и т.д. Тобольск
Имя издателя, распространителя и т. д. Обско-Тазовская научная рыбхозяйственная станция ВНИРО
Дата издания, распространения и т.д. 1936
Имя изготовителя Тобол. тип.
215 ## - ФИЗИЧЕСКАЯ ХАРАКТЕРИСТИКА
Специфическое обозначение материала и объем Обл., тит. л., 62 с.
Размеры 21х14 см
320 ## - ПРИМЕЧАНИЯ О НАЛИЧИИ В ДОКУМЕНТЕ БИБЛИОГРАФИИ / УКАЗАТЕЛЯ
Текст примечания Библиогр. в подстроч. примеч.
327 1# - ПРИМЕЧАНИЯ О СОДЕРЖАНИИ
Текст примечания Содерж.: О рыбном садовом хозяйстве Обско-Иртышского Севера / Лопарев П.И. Сады Уватского района / Судаков М.А. Обследование садов в среднем течении Оби летом 1930 г. / Юданова О.Н.
464 #0 - АНАЛИТИЧЕСКИЙ УРОВЕНЬ
Встроенное поле 2001#$aО рыбном садовом хозяйстве Обско-Иртышского Севера
-- 700##$3RU\NLR\AUTH\770137175$aЛопарев$bП. И.$f1890-1938$gПлатон Ильич
Заглавие О рыбном садовом хозяйстве Обско-Иртышского Севера
Автор Лопарев, Платон Ильич (1890-1938)
464 #0 - АНАЛИТИЧЕСКИЙ УРОВЕНЬ
Встроенное поле 2001#$aСады Уватского района
-- 700##$3RU\NLR\AUTH\770137183$aСудаков$bМ. А.$f1903-1955$gМихаил Алексеевич
Заглавие Сады Уватского района
Автор Судаков, Михаил Алексеевич (1903-1955)
464 #0 - АНАЛИТИЧЕСКИЙ УРОВЕНЬ
Встроенное поле 2001#$aОбследование садов в среднем течении Оби летом 1930 г.
-- 700##$3RU\NLR\AUTH\770137188$aЮданова$bО. Н.$gОльга Наумовна
Заглавие Обследование садов в среднем течении Оби летом 1930 г.
Автор Юданова, Ольга Наумовна
606 1# - НАИМЕНОВАНИЕ ТЕМЫ КАК ПРЕДМЕТ
Наименование темы Рыбоводство садковое
Географический подзаголовок Обь-Иртышский бассейн
Системный номер авторитетной/нормативной записи 2200015
Идентификатор авторитетной/нормативной записи RU\NLR\AUTH\6601557025
617 ## - ИЕРАРХИЧЕСКОЕ ГЕОГРАФИЧЕСКОЕ НАЗВАНИЕ, ИСПОЛЬЗУЕМОЕ КАК ПРЕДМЕТ
Страна
Другие географические объекты Сибирь Западная
-- Обь-Иртышский бассейн
686 ## - ИНДЕКСЫ ДРУГИХ КЛАССИФИКАЦИЙ
Индекс П728-3(2Р53)
700 #1 - ИМЯ ЛИЦА - ПЕРВИЧНАЯ ОТВЕТСТВЕННОСТЬ
Графика поля Кириллица
Материалы, к которым относится поле rus
Начальный элемент ввода Лопарев
Часть имени, кроме начального элемента ввода П. И.
Даты 1890-1938
Расширение инициалов личного имени Платон Ильич
Системный номер авторитетной/нормативной записи 137140
Идентификатор авторитетной/нормативной записи RU\NLR\AUTH\770137175
701 #1 - ИМЯ ЛИЦА - АЛЬТЕРНАТИВНАЯ ОТВЕТСТВЕННОСТЬ
Графика поля Кириллица
Материалы, к которым относится поле rus
Начальный элемент ввода Судаков
Часть имени, кроме начального элемента ввода М. А.
Даты 1903-1955
Расширение инициалов личного имени Михаил Алексеевич
Системный номер авторитетной/нормативной записи 137148
Идентификатор авторитетной/нормативной записи RU\NLR\AUTH\770137183
701 #1 - ИМЯ ЛИЦА - АЛЬТЕРНАТИВНАЯ ОТВЕТСТВЕННОСТЬ
Графика поля Кириллица
Материалы, к которым относится поле rus
Начальный элемент ввода Юданова
Часть имени, кроме начального элемента ввода О. Н.
Расширение инициалов личного имени Ольга Наумовна
Системный номер авторитетной/нормативной записи 137153
Идентификатор авторитетной/нормативной записи RU\NLR\AUTH\770137188
801 #0 - ИСТОЧНИК ЗАПИСИ
Страна Российская Федерация
Организация NLR
Правила каталогизации psbo
801 #1 - ИСТОЧНИК ЗАПИСИ
Страна Российская Федерация
Организация ELAR
Источник данных rusmarc
801 #2 - ИСТОЧНИК ЗАПИСИ
Страна Российская Федерация
Организация NLR
Дата составления 20141008
Источник данных rusmarc
852 ## - МЕСТОНАХОЖДЕНИЕ И ШИФР ХРАНЕНИЯ
Идентификатор организации NLR
Шифр хранения (Call Number) 36-10/843
942 ## - ДОПОЛНИТЕЛЬНЫЕ ЭЛЕМЕНТЫ ЗАПИСИ (АБИС)
Тип экземпляра АБИС Книга
980 ## - КОЛЛЕКЦИЯ
Название коллекции Национальная библиография
Экземпляры
Тип экземпляра Дата поступления Библиотека постоянного хранения Библиотека текущего хранения Место хранения Шифр хранения Штрих-код Статус экземпляра
Книга 26.10.2013 РНБ (Садовая) РНБ (Садовая) Русский книжный фонд -Главное здание, Ленинский читальный зал 36-10/843 7145298-10